[Event "Bagnoles de l'Orne"]
[Site "Bagnoles de l'Orne"]
[Date "2009.06.01"]
[Round "5"]
[White "Cocat, Louis"]
[Black "Peron, Ludovic"]
[Result "1-0"]
[WhiteElo "1680"]
[BlackElo "1670"]
[PlyCount "91"]
[EventDate "2009.05.30"]
[EventType "swiss"]
[EventRounds "6"]
[EventCountry "FRA"]
[SourceTitle "CBM 130 Extra"]
[Source "ChessBase"]
[SourceDate "2009.07.02"]
[SourceVersion "2"]
[SourceVersionDate "2009.07.15"]
[SourceQuality "1"]

1. d4 Nf6 2. c4 e6 3. Nf3 c5 4. Bf4 cxd4 5. Nxd4 Bc5 6. e3 0-0 7. Bd3 Nc6 8. 0-0 Bxd4 9. exd4 d5 10. Bg5 h6 11. Bh4 g5 12. Bg3 Ne4 13. Bxe4 dxe4 14. d5 exd5 15. cxd5 Ne7 16. d6 Nf5 17. Nc3 Nxg3 18. hxg3 Bf5 19. g4 Bg6 20. Re1 Re8 21. Rc1 Qd7 22. a4 Rad8 23. Nb5 Rc8 24. Rc7 Rxc7 25. dxc7 Qc8 26. Nd6 Qxc7 27. Nxe8 Qe5 28. Nd6 Qxb2 29. Nxe4 Qb4 30. Nf6+ Kg7 31. Qa1 Qxe1+ 32. Qxe1 Kxf6 33. Qc3+ Ke6 34. Qe3+ Kf6 35. Qxa7 Kg7 36. Qxb7 Kg8 37. f3 h5 38. gxh5 Bxh5 39. a5 g4 40. f4 g3 41. a6 Kg7 42. a7 Kf6 43. a8Q Bf3 44. Qh8+ Kf5 45. Qe5+ Kg4 46. Qg5# 1-0